书目信息 |
| 题名: |
有机溶剂中毒预防指南
|
|
| 作者: | 江明强 主编 | |
| 分册: | ||
| 出版信息: | 北京 化学工业出版社 2006 |
|
| 页数: | ||
| 开本: | ||
| 丛书名: | ||
| 单 册: | ||
| 中图分类: | R595.9-62 | |
| 科图分类: | ||
| 主题词: | 全身性疾病 | |
| 电子资源: | ||
| ISBN: | 7-5025-8339-4 | |
| 000 | 00522nam0 2200169 450 | |
| 001 | 0754114953 | |
| 005 | 20070929150154.95 | |
| 010 | @a7-5025-8339-4 | |
| 100 | @a20070929d km y0chiy0120 ea | |
| 101 | 0 | @achi |
| 200 | 1 | @a有机溶剂中毒预防指南@Ayou ji rong ji zhong du yu fang zhi nan@f江明强 主编@Fjiang ming qiang zhu bian |
| 210 | @a北京@c化学工业出版社@d2006 | |
| 606 | 0 | @a全身性疾病 |
| 690 | @aR595.9-62@v3 | |
| 701 | 0 | @a江明强@Ajiang ming qiang@4主编 |
| 801 | 0 | @aCN@bPFT@c20070929 |
| 905 | @a213230@dR595.9-62@eh30@f1 | |
| 有机溶剂中毒预防指南/江明强 主编.-北京:化学工业出版社,2006 |
| ISBN 7-5025-8339-4: |
| ● |
| 相关链接 |
|
|
|
|
正题名:有机溶剂中毒预防指南
索取号:R595.9-62/h30
 
预约/预借
| 序号 | 登录号 | 条形码 | 馆藏地/架位号 | 状态 | 备注 |
| 1 | 6002370 | 260023708 | 密集书库-化学系/ [索取号:R595.9-62/h30] | 在馆 | |
| 2 | 6002371 | 260023717 | 化学系资料室/ [索取号:R595.9-62/h30] | 在馆 |